logo

Bir Sreshtho Munshi Abdur Rouf Library
Jhenaidah Cadet College

Wiliam Wordsworth (Record no. 1725)

MARC details
000 -LEADER
fixed length control field 00538nam a2200205 a 4500
001 - CONTROL NUMBER
JCCL Control Number 1725
003 - CONTROL NUMBER IDENTIFIER
JCCL marc code BD-JhCC
005 - DATE AND TIME OF LATEST TRANSACTION
control field 20171023192853.0
008 - FIXED-LENGTH DATA ELEMENTS--GENERAL INFORMATION
fixed length control field 171023s2000 II |||| |||| 000 0 eng d
035 ## - SYSTEM CONTROL NUMBER
system control number (BD-JhCC)1725
040 ## - CATALOGING SOURCE
Original cataloging agency BD-JhCC
Modifying agency BD-JhCC
041 ## - LANGUAGE CODE
Language code of Book eng
082 ## - DEWEY DECIMAL CLASSIFICATION NUMBER
Classification number 891.4415
Author mark and Year LAL 2000
100 ## - MAIN ENTRY--PERSONAL NAME
Personal name Lall, Ramji
245 ## - TITLE STATEMENT
Title Wiliam Wordsworth
Remainder of title An Evaluation of His Poetry /
Statement of responsibility, etc Ramji Lall
260 ## - PUBLICATION, DISTRIBUTION, ETC. (IMPRINT)
Place of publication, distribution, etc New Delhi :
Name of publisher, distributor, etc Aarti Book Centre ;
Date of publication, distribution, etc 2000
300 ## - PHYSICAL DESCRIPTION
Pagination 204 p. ;
Dimensions 22 cm
650 ## - SUBJECT ADDED ENTRY--TOPICAL TERM
Topical term or geographic name as entry element English poetry
942 ## - ADDED ENTRY ELEMENTS (KOHA)
Source of classification or shelving scheme Dewey Decimal Classification
Koha item type Books
Holdings
Source of classification or shelving scheme Damaged status Not for loan Home library Current library Date of accession Total Checkouts Full call number Barcode Date last seen Koha item type
Dewey Decimal Classification     JCC Rouf Library JCC Rouf Library 10/23/2017   891.4415 LAL 2000 3022 10/23/2017 Books

JCC Library | Contacts | JCC Home

Last Update on 23 September 2017
Copyright @ 2017-2020 JCC Rouf Library
Rouf Library, Jhenidah Cadet College (JCC), Bangladesh